cryptic and tortured / guess the Taylor Swift song #4 - Statistics

General Stats
  • This quiz has been taken 17 times
  • The average score is 236 of 284
Answer Stats
Answer % Correct
go
100%
I
100%
a
93%
again
93%
boy
93%
boy),
93%
he
93%
(He
93%
He
93%
here
93%
I'm
93%
(I'm
93%
in
93%
me
93%
me)
93%
my
93%
My
93%
(My
93%
Oh,
93%
oh
93%
oh,
93%
(Oh-oh-oh,
93%
oh-oh-oh)
93%
The
93%
the
93%
to
93%
we
93%
We
93%
you
93%
And
86%
at
86%
breaks
86%
castles
86%
favorite
86%
first
86%
first,
86%
for
86%
head
86%
heart
86%
his
86%
it
86%
of
86%
on
86%
only
86%
queen
86%
queen),
86%
sand
86%
should've
86%
Told
86%
tortured
86%
toys,
86%
voices
86%
best
79%
But
79%
Called
79%
'Cause
79%
could've
79%
days
79%
destroys,
79%
doll
79%
down
79%
end
79%
friend
79%
him
79%
knew
79%
mall
79%
night
79%
our
79%
out
79%
Purchased
79%
right,
79%
saw
79%
say
79%
seen
79%
sickest
79%
smile
79%
so
79%
tell
79%
that
79%
There
79%
there
79%
this
79%
when
79%
when,
79%
why
79%
wild
79%
with
79%
all
71%
army
71%
back
71%
Because
71%
better
71%
box
71%
broken
71%
danger
71%
dead
71%
felt
71%
fix
71%
forever,
71%
gonna
71%
got
71%
heat
71%
He's
71%
I'll
71%
just
71%
Just
71%
keeps
71%
Kens
71%
know
71%
known
71%
litany
71%
loves
71%
matter
71%
miss
71%
more
71%
much,
71%
myself
71%
not
71%
not,
71%
off
71%
Once
71%
parts
71%
pieces
71%
plastic
71%
play
71%
played
71%
pretend
71%
puzzle
71%
reasons
71%
repeating
71%
runs
71%
sandlot
71%
shelf
71%
smashed
71%
Stole
71%
these
71%
time,
71%
time
71%
too
71%
took
71%
touch
71%
up,
71%
was
71%
I'd
64%
Left
64%
pull
64%
Put
64%
string
64%
Than
64%
fit
57%
rain
57%
descend
50%
Rivulets
50%
No matching quizzes found
Score Distribution
Percent of People with Each Score
Percentile by Number Answered
Your Score History
You have not taken this quiz